Vālmīki pratibhe. (Record no. 79014)

MARC details
000 -LEADER
fixed length control field 00539cam a22002171 4500
001 - CONTROL NUMBER
control field sa 68002827
003 - CONTROL NUMBER IDENTIFIER
control field DLC
005 - DATE AND TIME OF LATEST TRANSACTION
control field 20260227112447.0
008 - FIXED-LENGTH DATA ELEMENTS--GENERAL INFORMATION
fixed length control field 890525s1967 ii 000 0 kano
010 ## - LIBRARY OF CONGRESS CONTROL NUMBER
LC control number sa 68002827
035 ## - SYSTEM CONTROL NUMBER
System control number (OCoLC)19766697
040 ## - CATALOGING SOURCE
Original cataloging agency DLC
Transcribing agency WaU
Modifying agency DLC
042 ## - AUTHENTICATION CODE
Authentication code premarc
050 00 - LIBRARY OF CONGRESS CALL NUMBER
Classification number PK3659
Item number .R3
100 2# - MAIN ENTRY--PERSONAL NAME
Personal name Ramachandra Rao, Saligrama Krishna,
Dates associated with a name 1926-
245 10 - TITLE STATEMENT
Title Vālmīki pratibhe.
260 ## - PUBLICATION, DISTRIBUTION, ETC.
Date of publication, distribution, etc. [1967]
300 ## - PHYSICAL DESCRIPTION
Extent 63 p.
Dimensions 16 cm.
500 ## - GENERAL NOTE
General note In Kannada.
600 00 - SUBJECT ADDED ENTRY--PERSONAL NAME
Personal name Vālmīki.
Title of a work Rāmāyaṇa.

No items available.

Powered by Koha